Quick Pick: Food Museums by Location Quiz Stats

 Plays Quiz Updated Apr 26, 2018

Challenge
Share
Tweet
Embed
Score 0/14 Timer 01:30
1 Play Today
% Correct
Bologna, Italy
94.7%
St. Jacobs, Ontario, Canada
82.6%
Agia Paraskevi, Greece
82.5%
Berlin, Germany
80.8%
Osaka, Japan
80.5%
Bar Harbor, ME, USA
79.7%
Seoul, South Korea
77.8%
% Correct
Siglufjörður, Iceland
71%
Douliu City, Taiwan
69.2%
Fort Atkinson, WI, USA
67.5%
Bruges, Belgium
51.2%
Long Beach, WA, USA
46.7%
Studen Izvor, Bulgaria
33.4%
Toruń, Poland
27.9%

Today's Daily Dose

You're not logged in!

Compare scores with friends on all Sporcle quizzes.
Join for Free
OR
Log In

You Might Also Like...

Show Comments

Extras

Top Quizzes Today


Score Distribution

Your Account Isn't Verified!

In order to create a playlist on Sporcle, you need to verify the email address you used during registration. Go to your Sporcle Settings to finish the process.

Report this User

Report this user for behavior that violates our Community Guidelines.

Details: